Deutsche Serien und Filme Gegenteilquiz #1 - Statistiken

Allgemein
  • Dieses Quiz wurde 116 mal gespielt
  • Das Durchschnittsergebnis liegt bei 8 aus 14
Antwortstatistiken
Hint Antwort % Korrekt
Der Talpatient Der Bergdoktor
87%
im Osten alles anders im Westen nichts neues
84%
Griechisch von Profis Türkisch für Anfänger
81%
die zahmen Mädels die wilden Kerle
80%
der schwimmende Hörsaal Das fliegende Klassenzimmer
78%
Donausilber Rheingold
76%
der Gerichtssaalbeschmutzer der Tatortreiniger
72%
Kakka Kurzschuh Pippi Langstrumpf
70%
Lav Ju Schiller Fack ju Göhte
57%
Kümmelgasse Sesamstraße
36%
Ruine Oppenheimer Schloss Einstein
25%
Tret' die Kräh' Schlag den Raab
14%
Sonn in Sicherheit Sams in Gefahr
6%
Widerstandshöhle Stromberg
3%
Keine übereinstimmenden Quizze gefunden
Verteilung der Resultate
Anzahl Personen mit jedem Resultat
Perzentil nach korrekt beantworteten Fragen
Ihre Resultats-Entwicklung
Sie haben dieses Quiz noch nicht gespielt